Selection studies in early generations of long bean, Vigna sesquipedalis Fruw.
Saved in:
| Main Author: | |
|---|---|
| Format: | Thesis Book |
| Language: | English |
| Published: |
1976.
|
| Subjects: | |
| Tags: |
Add Tag
No Tags, Be the first to tag this record!
|
| LEADER | 01033cam a2200313 i 4500 | ||
|---|---|---|---|
| 001 | u117100 | ||
| 003 | SIRSI | ||
| 008 | 800505s1976 my bt 00 10 eng m | ||
| 035 | |a AAM-8723 | ||
| 040 | |a UMM | ||
| 043 | |a a-my--- | ||
| 050 | 1 | 4 | |a SB327 |
| 090 | |a SB327 |b Poh | ||
| 091 | |a Microfiche 3408 | ||
| 100 | 1 | 0 | |a Poh, Chip Teck. |
| 245 | 1 | 0 | |a Selection studies in early generations of long bean, Vigna sesquipedalis Fruw. |
| 260 | 0 | |c 1976. | |
| 300 | |a vii, 79 leaves : |b ill. ; |c 29 cm. | ||
| 500 | |a Microfiche (negative). 2 fiche. 1 x 15 cm. | ||
| 500 | |a msa. | ||
| 500 | |a Mimeographed. | ||
| 502 | |a Dissertation (M.Ag.Sc.) -- Fakulti Pertanian, Universiti Malaya, 1976. | ||
| 504 | |a Bibliography: leaves 61-65. | ||
| 650 | 0 | |a Beans |x Genetics. | |
| 650 | 0 | |a Vigna sesquipedalis. | |
| 948 | |a 06/01/1992 |b 24/09/2003 | ||
| 596 | |a 1 | ||
| 999 | |a SB327 POH |w LC |c 1 |i A500000813 |l B_KOM4 |m P01UTAMA |r Y |s Y |t TESIS |u 15/1/1992 |o .PUBLIC. BKOM 4 :43078 | ||
| 999 | |a F SB327 POH |w LC |c 1 |i A002757477 |l STACKS |m P01UTAMA |r Y |s Y |t TESIS |u 23/4/1992 | ||
